000 00526nam a2200205Ia 4500
003 GCL
008 140319s9999 xx 000 0 eng d
020 _a1564969800
040 _aGCL /
_cGCL
082 0 4 _a741.692
_bR L
100 1 _aSAYLES, JOHN
245 1 0 _aLETTERHEAD LOGO DESIGN /
_cSAYLES, JOHN
260 _a[S.N] :
_bROCKPORT PUBLISHERS INC. ،
_c2003
300 _a208 P ؛
_c30 cm.
650 0 4 _aSYMBOLS
650 0 4 _aLOGO, SYMBOLS
650 0 4 _aTRAD MARKS
650 0 4 _aSIGNS AND SYMBOLS
942 _2ddc
_cBK
999 _c6596
_d6596